=LDR 00000nam 2200000 4500 =001 INLIS000000000024950 =005 20130612123511 =008 ***********************************Ind** =035 ##$$0010-061300000024950 =041 ##$$a Ind =082 ##$$a 321.4 =090 ##$$a 321.4, Fuk k =100 ##$$a Fukuyama =245 ##$$a Kemenagan kapitalis, Fukuyama =260 ##$$a 21 cm $b Jakarta =300 ##$$a 631 hlm, 23 cm =650 ##$$a Kapitalis =850 ##$$a NBPNMAT